[Event "45th Olympiad 2024"]
[Site "Budapest HUN"]
[Date "2024.09.18"]
[Round "7.71"]
[Board "2"]
[White "Lesbros, Bernard"]
[Black "Amarathunga, Kosala Sandeepa Chamikara"]
[Result "0-1"]
[WhiteElo "1938"]
[BlackElo "1956"]
[PlyCount "77"]
[EventDate "2024.09.11"]
[WhiteTeam "Senegal"]
[BlackTeam "Sri Lanka"]
[WhiteTeamCountry "SEN"]
[BlackTeamCountry "SRI"]

1. Nf3 Nf6 2. c4 e6 3. g3 d5 4. Bg2 dxc4 5. Na3 Be7 ({RR} 5... a6 6. Nxc4 b5 7. Nce5 Nd5 8. d4 Be7 9. Bd2 O-O 10. Rc1 Bb7 11. O-O Nd7 12. Nc6 Bxc6 13. Rxc6 Nb4 14. Bxb4 Bxb4 15. Qc1 Ba5 16. Rd1 Qe7 17. e3 Bb6 18. Qc2 Rad8 19. a4 Nb8 20. Rc3 {½-½ Pelletier,Y (2594)-Sokolov,A (2565) SUI-chT Switzerland 2011 (9.2)}) 6. O-O a6 ({RR} 6... O-O 7. Nxc4 Nbd7 8. d3 Nb6 9. Nxb6 axb6 10. a4 Bd7 11. Ne5 Nd5 12. b3 Be8 13. Bb2 f6 14. Nc4 Bb4 15. Ba3 Bxa3 16. Nxa3 Bc6 17. Rc1 Ne7 18. Qc2 Qd7 19. Qc4 Rfc8 20. e4 Ra5 21. d4 {½-½ Galkin,W (2096)-Chekletsov,I (2373) Hofheim Spring op 7th 2019 (3)}) 7. Nxc4 c5 $146 ({RR} 7... O-O 8. d4 b6 9. Nfe5 Ra7 10. Qb3 Nfd7 11. Rd1 Nxe5 12. dxe5 Qe8 13. Nd6 cxd6 14. Qxb6 Qd7 15. Qxb8 d5 16. Qb3 Rb7 17. Qd3 Bc5 18. b3 a5 19. e4 d4 20. Bf1 Qc7 21. Bb2 Rd8 22. Rac1 {1-0 Nikcevic,N (2405)-Tzermiadianos,A (2315) Heraklio op Heraklion 1993 (6)}) ({RR} 7... Nc6 8. b3 Rb8 9. Bb2 O-O 10. a3 Ne4 11. Qc2 Nd6 12. Nce5 Nxe5 13. Nxe5 f6 14. Nd3 c6 15. b4 Nb5 16. Nc5 Re8 17. Rad1 Bxc5 18. Qxc5 Qd6 19. Qh5 Bd7 20. Be4 f5 21. Bb1 Re7 22. f4 {1-0 Sprumont,O (2146)-Barre,M (1886) Pere Noel op 2015 (2.10)}) 8. d4 b5 9. Nce5 O-O 10. a4 Bb7 11. axb5 axb5 12. Rxa8 Bxa8 13. Qb3 Qb6 14. dxc5 Bxc5 15. Nd3 Bd5 16. Qc2 Be7 17. Be3 Qb7 18. Rc1 Na6 19. Nfe1 h6 20. Nf4 Nb4 21. Qc7 Qxc7 22. Rxc7 Bd6 23. Nxd5 Nbxd5 24. Rc6 Nxe3 25. fxe3 Rd8 26. Bf3 e5 27. Nc2 e4 28. Bg2 Be5 29. Nd4 Bxd4 30. exd4 Rxd4 31. Rb6 Rb4 32. Kf2 Rxb2 33. Rb8+ Kh7 34. Rb7 Ng4+ 35. Ke1 f5 36. h3 Ne3 37. Bh1 Rb1+ 38. Kf2 Nd1+ 39. Kg2 0-1

[Event "45th Olympiad 2024"]
[Site "Budapest HUN"]
[Date "2024.09.18"]
[Round "7.71"]
[Board "3"]
[White "Kodithuwakku, K K Dinujaya"]
[Black "Marochkina, Nadezhda Valerevna"]
[Result "1-0"]
[WhiteElo "1826"]
[BlackElo "1792"]
[PlyCount "89"]
[EventDate "2024.09.11"]
[WhiteTeam "Sri Lanka"]
[BlackTeam "Senegal"]
[WhiteTeamCountry "SRI"]
[BlackTeamCountry "SEN"]

1. d4 d5 2. Nc3 Nf6 3. Bf4 c6 4. e3 Bg4 5. f3 Bf5 6. g4 Bg6 7. h4 h6 8. Bd3 Bxd3 9. Qxd3 e6 10. Nge2 Nbd7 11. O-O-O Nb6 $146 ({RR} 11... Qa5 12. g5 Ng8 13. g6 f6 14. e4 Bb4 15. exd5 cxd5 16. Qe3 Nf8 17. a3 Bxc3 18. Nxc3 Ne7 19. h5 Nf5 20. Qe2 Rc8 21. Rhe1 a6 22. Qd3 Kd8 23. Bd2 Rc6 24. Ne4 Qc7 25. Nc5 Nxd4 26. Ba5 {1-0 Bortnyk,O (2552)-Gunina,V (2502) EU-ch blitz Minsk 2015 (18.8)}) ({RR} 11... b5 12. Ng3 a5 13. g5 Ng8 14. e4 b4 15. exd5 bxc3 16. dxe6 cxb2+ 17. Kb1 hxg5 18. exf7+ Kxf7 19. Qc4+ Kg6 20. hxg5 Rxh1 21. Rxh1 Ne7 22. Qe6+ Nf6 23. gxf6 Qd5 24. Qg4+ Kxf6 25. Ne4+ Kf7 26. Nd6+ {1-0 Stadlinger,L (1729)-Schwabeneder,A (1911) Vienna State-chB 2022 (9)}) 12. b3 Bd6 13. Kb1 Ba3 14. g5 Nh5 15. gxh6 g6 16. Bg5 Qc7 17. Nf4 Bf8 18. Nxh5 gxh5 19. Rde1 Bxh6 20. Bf6 Rg8 21. Qh7 Rg6 22. Be5 Qe7 23. Rhg1 Qxh4 24. Kb2 Bxe3 25. Rh1 Qf2 26. Nd1 Bxd4+ 27. Kc1 Qxf3 28. Bxd4 Qf4+ 29. Be3 Qf6 30. Kb1 Rg7 31. Qxh5 O-O-O 32. Rhf1 Qe7 33. Qe5 Rg2 34. Bf4 Na8 35. Ne3 Rg6 36. Nf5 Qc5 37. Qb8+ Kd7 38. Qxb7+ Ke8 39. Bd6 Rd7 40. Qxa8+ Rd8 41. Qb7 Rd7 42. Qc8+ Rd8 43. Rxe6+ fxe6 44. Ng7+ Rxg7 45. Rf8# 1-0

[Event "45th Olympiad 2024"]
[Site "Budapest HUN"]
[Date "2024.09.18"]
[Round "7.71"]
[Board "4"]
[White "Cisse, Amadou Lamine"]
[Black "Bandara, Dhanushka"]
[Result "0-1"]
[WhiteElo "1948"]
[BlackElo "1903"]
[PlyCount "66"]
[EventDate "2024.09.11"]
[WhiteTeam "Senegal"]
[BlackTeam "Sri Lanka"]
[WhiteTeamCountry "SEN"]
[BlackTeamCountry "SRI"]

1. d4 Nf6 2. Bg5 d5 3. Bxf6 exf6 4. c4 Bb4+ ({RR} 4... dxc4 5. e3 Be6 6. Ne2 Bd6 7. Nd2 c6 8. Nc3 b5 9. a4 Qb6 10. Qf3 O-O 11. g3 b4 12. Nce4 c3 13. Nc4 cxb2 14. Rb1 Bxc4 15. Bxc4 Be7 16. O-O Qa5 17. d5 Nd7 18. d6 Ne5 19. Qe2 {0-1 Fernandes,A (2438)-Lazarev,V (2501) Elgoibar 09th 1999 (6)}) 5. Nc3 c5 ({RR} 5... dxc4 6. e4 O-O 7. Bxc4 Nc6 8. Nge2 Bg4 9. f3 Bh5 10. O-O Bxc3 11. bxc3 Qd6 12. Rb1 Na5 13. Bd3 b6 14. Qd2 Bg6 15. f4 Rae8 16. f5 Bxf5 17. Rxf5 Re7 18. Ng3 g6 19. Rbf1 Re6 20. Qh6 {1-0 Sydoryka,V (2310)-Pohorila,A Ukrainian Chess Warriors rapid 2024 (1.16)}) 6. a3 $146 ({RR} 6. e3 O-O 7. cxd5 Qxd5 8. a3 Bxc3+ 9. bxc3 cxd4 10. cxd4 Nc6 11. Nf3 Bf5 12. Be2 Be4 13. O-O Na5 14. Qa4 Rac8 15. Rac1 b6 16. Rxc8 Rxc8 17. Ba6 Rc6 18. Ne1 Qg5 19. Bd3 f5 20. Qb5 h6 {½-½ Soriano Maya,J (2280)-Calvo Alfonso,V Autonomico-chT 1996}) 6... Bxc3+ 7. bxc3 Qa5 8. Qd2 cxd4 9. cxd4 Qxd2+ 10. Kxd2 dxc4 11. Rb1 Nc6 12. e3 Na5 13. Kc3 Be6 14. d5 Bd7 15. Nf3 Rc8 16. Nd4 O-O 17. Be2 Rc5 18. Bf3 f5 19. h4 b6 20. Rhd1 g6 21. g3 Ba4 22. Re1 Rd8 23. Rb4 b5 24. h5 Kg7 25. hxg6 hxg6 26. Rxa4 bxa4 27. Kb4 Nb7 28. Nc6 a5+ 29. Kxa4 Ra8 30. Rb1 Nd6 31. Nd4 Ra6 32. Nb5 Nc8 33. Nc3 Nb6+ 0-1

[Event "45th Olympiad 2024"]
[Site "Budapest HUN"]
[Date "2024.09.18"]
[Round "7.72"]
[Board "1"]
[White "Njoroge, Martin"]
[Black "Al-Hajiri, Bader"]
[Result "0-1"]
[WhiteElo "1972"]
[BlackElo "1947"]
[PlyCount "46"]
[EventDate "2024.09.11"]
[WhiteTeam "Kenya"]
[BlackTeam "Kuwait"]
[WhiteTeamCountry "KEN"]
[BlackTeamCountry "KUW"]

1. d4 d5 2. Nf3 Nf6 3. g3 g6 4. Bg2 Bg7 5. O-O O-O 6. b3 c5 7. Bb2 Ne4 8. e3 Nc6 9. Qc1 ({RR} 9. Nbd2 Bg4 10. h3 Nxd2 11. Qxd2 Bxf3 12. Bxf3 cxd4 13. exd4 Rc8 14. a4 e6 15. Rfd1 h5 16. h4 Qf6 17. Bg2 Rfd8 18. a5 Qe7 19. Ra4 Rd7 20. Bf3 Qd8 21. Kg2 Ne7 22. Be2 Nf5 23. Bd3 Nd6 {½-½ Sanal,V (2478)-Saric,A (2587) Izmir MTS GM 5th 2016 (8.1)}) ({RR} 9. Nbd2 Bf5 10. c3 Qb6 11. Nh4 Nxd2 12. Qxd2 Be6 13. f4 Rad8 14. Kh1 Bc8 15. f5 Qc7 16. g4 Bf6 17. Qf2 e5 18. fxe6 fxe6 19. Qe1 e5 20. h3 Qe7 21. Nf3 e4 22. Nd2 cxd4 23. exd4 Bg5 {1-0 Hajiyev,K (2129)-Mekhitarian,K (2554) Titled Tue 16th Jan Early 2024 (8)}) 9... cxd4 10. exd4 Be6 $146 ({RR} 10... Bg4 11. Qe3 Rc8 12. c4 Nd6 13. Na3 Nf5 14. Qf4 Bxf3 15. Bxf3 Nfxd4 16. Bxd4 Nxd4 17. Rad1 e5 18. Qe3 Nxf3+ 19. Qxf3 Qe7 20. Nc2 dxc4 21. bxc4 Rxc4 22. Ne3 e4 23. Qe2 Rd4 24. Rc1 Rfd8 25. Rc2 {0-1 Matic Ivanic,G-Rodic Kures,G YUG-chT 38th 1986}) ({RR} 10... Qb6 11. c3 Bf5 12. Nh4 Be6 13. Nd2 Nxd2 14. Qxd2 Rad8 15. Rfe1 Bc8 16. Re2 e6 17. Rae1 Rfe8 18. Bh3 a5 19. Kh1 a4 20. b4 Bd7 21. f4 Na7 22. Nf3 Bb5 23. Re3 Nc8 24. Ne5 Nd6 25. Qg2 {½-½ Nagy,E (2223)-Sugar,K (2169) HUN-chT2 Erkel 1516 2015 (1.5)}) 11. Nbd2 Rc8 12. c4 Nxd2 13. Qxd2 dxc4 14. bxc4 Bxc4 15. Rfc1 Bd5 16. Qe2 Qb6 17. Rd1 Nb4 18. Qxe7 Nc2 19. Ba3 Rfe8 20. Qh4 Bxf3 21. Rab1 Bxd1 22. Rxb6 Re1+ 23. Bf1 axb6 0-1

[Event "45th Olympiad 2024"]
[Site "Budapest HUN"]
[Date "2024.09.18"]
[Round "7.72"]
[Board "2"]
[White "Al Ibrahim, Abdulrahman"]
[Black "Kanegeni, Matthew Kamau"]
[Result "1/2-1/2"]
[WhiteElo "1932"]
[BlackElo "1976"]
[PlyCount "118"]
[EventDate "2024.09.11"]
[WhiteTeam "Kuwait"]
[BlackTeam "Kenya"]
[WhiteTeamCountry "KUW"]
[BlackTeamCountry "KEN"]

1. e4 e5 2. Nf3 Nc6 3. Bb5 a6 4. Ba4 Nf6 5. d3 Bc5 6. Bxc6 dxc6 7. Nbd2 Be6 ({RR} 7... Qe7 8. b3 Be6 9. Bb2 Ng4 10. O-O f6 11. a3 O-O-O 12. b4 Ba7 13. Qe2 g5 14. c4 Qd7 15. Ne1 Bd4 16. Bxd4 Qxd4 17. Nb3 Qc3 18. Nc5 Qxa1 19. Nxe6 Nh6 20. Qh5 Rd6 21. Ng7 f5 22. exf5 {1-0 Carlsen,M (2859)-Dubov,D (2708) MrDodgy Inv 3 Finals 2022 (4.7)}) 8. O-O Nd7 ({RR} 8... Qd6 9. Qe1 Nd7 10. Nb3 Bg4 11. Nfd2 Qg6 12. Kh1 Be7 13. Nc4 Qh5 14. f4 Bh4 15. Qe3 exf4 16. Qxf4 O-O-O 17. Nd4 Nc5 18. Ne5 Ne6 19. Nxe6 Bxe6 20. g4 Qh6 21. Qxh6 gxh6 22. Bxh6 Rhg8 23. Nxf7 {1-0 Andersen,M (2606)-Dragnev,V (2586) Bundesliga 2023-24 (12.5)}) 9. Nb3 Be7 $146 ({RR} 9... Bb6 10. Ng5 Bxb3 11. axb3 f6 12. Nf3 Qe7 13. Nd2 O-O-O 14. Nc4 Ba7 15. Qe1 Nf8 16. Be3 Bxe3 17. Qxe3 Kb8 18. f4 exf4 19. Rxf4 Ne6 20. Rf2 Rhe8 21. Raf1 Nd4 22. b4 Ne6 23. Qe1 Ng5 24. Kh1 {1-0 Alekseenko,K (2707)-Nihal,S (2677) ESP-chT Rapid 2022 (4)}) ({RR} 9... Bb6 10. Ng5 Bxb3 11. axb3 f6 12. Nf3 Nc5 13. Nd2 Ne6 14. Nc4 Ba7 15. Na5 Rb8 16. Qh5+ g6 17. Qg4 Qd7 18. b4 Nd4 19. Qd1 O-O 20. Be3 Bb6 21. Nc4 c5 22. c3 Ne6 23. Qb3 Kg7 24. Rfd1 {½-½ Duda,J (2732)-Sargsyan,S (2640) Euro Pairs Blitz Open A 2023 (1.1)}) ({RR} 9... Bb6 10. Ng5 Bxb3 11. axb3 f6 12. Nf3 Nc5 13. Nd2 Ne6 14. Nc4 O-O 15. b4 c5 16. Bd2 Qe7 17. bxc5 Bxc5 18. Qb1 Kh8 19. b4 Bd6 20. Qb2 c6 21. Nxd6 Qxd6 22. Be3 Rad8 23. Ra3 Rf7 24. Rd1 {½-½ Adams,M (2694)-Aravindh,C (2609) FIDE World Cup 2019 (1.6)}) 10. d4 Bxb3 11. axb3 exd4 12. Nxd4 O-O 13. Be3 Bc5 14. Nf5 Bxe3 15. Nxe3 Re8 16. f3 Qe7 17. Kh1 Rad8 18. Qe1 Ne5 19. Rd1 Qc5 20. Rd2 Ng6 21. Qd1 Rxd2 22. Qxd2 Qg5 23. Rd1 Ne5 24. Nf5 Qxd2 25. Rxd2 g6 26. Ne3 f6 27. Kg1 Kf8 28. Kf2 Ke7 29. h3 b6 30. Rd1 a5 31. Ng4 Nf7 32. f4 h5 33. Nh2 Nd6 34. Kf3 Kf7 35. Re1 Nb5 36. Rd1 Re7 37. h4 Nd6 38. Re1 Nf5 39. Kf2 Nd4 40. c3 Nxb3 41. Re2 Nc5 42. Kf3 a4 43. g4 Rd7 44. gxh5 gxh5 45. Nf1 Rd3+ 46. Re3 Rd1 47. Ng3 Rb1 48. Re2 Nd3 49. e5 fxe5 50. fxe5 Rxb2 51. e6+ Ke8 52. Re4 Nc5 53. Re1 Nd3 54. Re4 a3 55. Nxh5 Rb5 56. Nf6+ Ke7 57. Ng8+ Ke8 58. Nf6+ Ke7 59. Ng8+ Ke8 1/2-1/2

[Event "45th Olympiad 2024"]
[Site "Budapest HUN"]
[Date "2024.09.18"]
[Round "7.72"]
[Board "3"]
[White "Oluka Robert Mcligeyo"]
[Black "Hussain, Hashem"]
[Result "1-0"]
[WhiteElo "1990"]
[BlackElo "1807"]
[PlyCount "51"]
[EventDate "2024.09.11"]
[WhiteTeam "Kenya"]
[BlackTeam "Kuwait"]
[WhiteTeamCountry "KEN"]
[BlackTeamCountry "KUW"]

1. c4 Nf6 2. Nf3 g6 3. g3 Bg7 4. Bg2 d6 5. Nc3 e5 6. e4 O-O 7. O-O c5 ({RR} 7... Nc6 8. h3 Nd7 9. d3 Nc5 10. Rb1 a5 11. a3 Ne6 12. b4 axb4 13. axb4 Ncd4 14. Be3 Nxf3+ 15. Qxf3 f5 16. exf5 gxf5 17. Qh5 f4 18. Bd2 Rf6 19. Ne4 Rh6 20. Qd1 Nd4 21. g4 f3 22. Bxf3 {0-1 Sadhwani,R (2555)-Yoo,C (2479) Junior Speed Final blitz 2021 (2.24)}) 8. d3 Nc6 9. Rb1 ({RR} 9. a3 Ne8 10. Nd5 Nc7 11. b4 cxb4 12. Nxb4 a5 13. Nd5 Nxd5 14. cxd5 Ne7 15. Rb1 Rb8 16. d4 f5 17. dxe5 fxe4 18. Ng5 Bxe5 19. Bxe4 h6 20. Ne6 Bxe6 21. dxe6 d5 22. Bg2 Kh7 23. Rb5 Qd6 {1-0 Rohde,M (2280)-Patel,M (2005) Marshall Labor Day SchevC 2024 (1.1)}) 9... a5 $146 ({RR} 9... Bg4 10. h3 Be6 11. Kh2 Nh5 12. a3 f5 13. exf5 Bd7 14. Ng5 Qe8 15. Bd5+ Kh8 16. fxg6 hxg6 17. Nb5 Qe7 18. Ne4 Nd4 19. Nexd6 Nxb5 20. Nxb5 a6 21. Nc3 Rae8 22. Ne4 Bc8 23. Bg5 Qd7 24. g4 {1-0 Svoboda,J-Brazda,A Klatovy op-B 1996}) 10. Bd2 Ne8 11. Nd5 Nc7 12. Nb6 Ra6 13. Nxc8 Qxc8 14. Ne1 Nd4 15. f4 f5 16. exf5 gxf5 17. Nc2 Nce6 18. Ne3 exf4 19. Nd5 Qd7 20. Bxf4 Nxf4 21. Nxf4 b5 22. Re1 bxc4 23. Bd5+ Kh8 24. Qh5 Be5 25. Ng6+ Kg7 26. Qxh7+ 1-0

[Event "45th Olympiad 2024"]
[Site "Budapest HUN"]
[Date "2024.09.18"]
[Round "7.72"]
[Board "4"]
[White "Alabdaljader, Mohammed"]
[Black "Mutuge Ian"]
[Result "0-1"]
[WhiteElo "1677"]
[BlackElo "1938"]
[PlyCount "106"]
[EventDate "2024.09.11"]
[WhiteTeam "Kuwait"]
[BlackTeam "Kenya"]
[WhiteTeamCountry "KUW"]
[BlackTeamCountry "KEN"]

1. e4 c5 2. b3 d6 3. Bb2 e6 4. Bb5+ Bd7 ({RR} 4... Nd7 5. f4 Ngf6 6. Qe2 a6 7. Bxd7+ Bxd7 8. Nf3 Bc6 9. d3 Be7 10. Nbd2 Qc7 11. O-O O-O-O 12. Ng5 Rdf8 13. e5 Ne8 14. Nde4 d5 15. Ng3 g6 16. c4 d4 17. b4 b6 18. a4 h6 19. N5e4 {1-0 Kovacic,P (2183)-Vombek,D (2298) 33rd TCh-SLO 2023 (8.6)}) 5. Bxd7+ Nxd7 6. Nf3 Ngf6 7. Qe2 $146 ({RR} 7. e5 dxe5 8. Nxe5 Bd6 9. Nxd7 Qxd7 10. Bxf6 gxf6 11. Qf3 Be5 12. Nc3 O-O-O 13. O-O-O Rhg8 14. Ne4 Qc6 15. Nc3 Qxf3 16. gxf3 Rg2 17. Ne4 b6 18. Rdg1 Rdg8 19. Rxg2 Rxg2 20. f4 Bxf4 21. Nxf6 Rxf2 {0-1 Chaichi Tehrani,F (1252)-Stenzel,J (1711) Pinneberg-ch 2012 (1)}) 7... a6 8. d3 Be7 9. Nbd2 O-O 10. O-O b5 11. a4 Qc7 12. Rfe1 Ne5 13. axb5 axb5 14. d4 Nxf3+ 15. Nxf3 c4 16. bxc4 bxc4 17. Bc3 d5 18. e5 Ne4 19. Qe3 Rxa1 20. Rxa1 Rb8 21. Ba5 Qb7 22. Nd2 Nxd2 23. Qxd2 Ra8 24. Rd1 h6 25. g3 Qb5 26. Bc3 Ra2 27. Qe2 Qa4 28. Rd2 Qa3 29. Qe3 Qc1+ 30. Kg2 Rxc2 31. Rxc2 Qxc2 32. Qd2 Qxd2 33. Bxd2 Kf8 34. Kf1 Ke8 35. Ke1 Kd7 36. Kd1 Kc6 37. Kc2 Kb5 38. f4 Bb4 39. Be3 Ba5 40. Bc1 h5 41. Be3 Ka4 42. Bc1 c3 43. h3 g6 44. g4 hxg4 45. hxg4 Kb4 46. Kd3 Kb3 47. Ke2 Kc2 48. Ba3 Kb1 49. f5 c2 50. Kf3 Bb4 51. Bxb4 c1=Q 52. Bc5 gxf5 53. gxf5 Qf1+ 0-1

[Event "45th Olympiad 2024"]
[Site "Budapest HUN"]
[Date "2024.09.18"]
[Round "7.73"]
[Board "2"]
[White "David Leroy Debblay"]
[Black "Mafnas, Peter"]
[Result "1-0"]
[WhiteElo "1904"]
[BlackElo "1886"]
[PlyCount "123"]
[EventDate "2024.09.11"]
[WhiteTeam "Liberia"]
[BlackTeam "Guam"]
[WhiteTeamCountry "LBR"]
[BlackTeamCountry "GMA"]

1. d4 d5 2. c4 c6 3. Nc3 Nf6 4. Nf3 Bf5 5. cxd5 Nxd5 6. Qb3 Nb6 7. e4 Be6 ({RR} 7... Bg6 8. Be3 N8d7 9. a4 a5 10. d5 e6 11. dxe6 Nc5 12. Qc2 Nxe6 13. Be2 Qc7 14. Nd4 Nf4 15. Bf3 Nc4 16. Bxf4 Qxf4 17. Nde2 Qh6 18. Ng3 Bb4 19. Be2 Nd6 20. O-O Qf4 21. Bd3 O-O 22. Na2 {0-1 Yahya,M (2185)-Lodhi,M (2367) Asia Cities-ch 15th 2007 (5.5)}) ({RR} 7... Bg6 8. Be3 e6 9. a4 Qc7 10. Rc1 Qe7 11. Ne5 Qb4 12. Qxb4 Bxb4 13. Ra1 Bxe4 14. f3 Bg6 15. Nxg6 hxg6 16. Bd3 N8d7 17. O-O Bd6 18. h3 Nf6 19. Rab1 Nfd5 20. Ne4 Nxe3 21. Nxd6+ Ke7 22. Nxf7 {0-1 Serikov,M (1616)-Ivlev,A (1578) FIDE World Rapid Team 2024 (5.40)}) 8. Qc2 g6 9. Bd3 $146 ({RR} 9. b3 Bg7 10. Be3 Bg4 11. Rd1 Qc8 12. Be2 O-O 13. O-O N8d7 14. h3 Bxf3 15. Bxf3 e5 16. Bg4 h5 17. Be2 Re8 18. dxe5 Bxe5 19. f4 Bxc3 20. Qxc3 Rxe4 21. Bxb6 Nxb6 22. Qc2 Qe6 23. Bd3 Re3 {1-0 Szirmai,E (2175)-Ferenczi,J (2030) Budapest FS03 FM-A 2003 (10)}) ({RR} 9. h4 h5 10. Ng5 Bc8 11. Qb3 e6 12. Be3 Be7 13. Rd1 Bd7 14. Be2 Na6 15. Rh3 Bxg5 16. Bxg5 f6 17. Be3 Qe7 18. Rg3 Qf7 19. d5 cxd5 20. exd5 e5 21. Bxb6 axb6 22. Qxb6 Rc8 23. Ne4 Qg7 {1-0 Olhovik,A (2206)-Burakowska,G (1560) Bialystok qual-B 2011 (1)}) ({RR} 9. b3 Bg7 10. Be3 O-O 11. O-O-O a5 12. Ng5 Qd6 13. d5 cxd5 14. Nb5 Qd8 15. Nc7 Qd6 16. Bxb6 Rc8 17. Ngxe6 Qxb6 18. Bc4 dxc4 19. Nxa8 Qxe6 20. Rd5 Na6 21. Rhd1 Bh6+ 22. Kb1 Rxa8 23. Qxc4 Qb6 {0-1 Braun,U (1795)-Fritz,H (1943) Ruhrgebiet Verbandsliga Gruppe 2 1415 2014 (6)}) 9... Bg7 10. Be3 Bc4 11. O-O N8d7 12. Nd2 Bxd3 13. Qxd3 Nc5 14. Qc2 Bxd4 15. Bxd4 Qxd4 16. Rad1 Qd3 17. Qc1 O-O 18. Nf3 Qa6 19. Qg5 Ne6 20. Qxe7 Rfe8 21. Qf6 Rf8 22. Ne5 Ng7 23. Ng4 Qc4 24. Rd6 Kh8 25. Ne5 Qc5 26. Rfd1 Kg8 27. Nd3 Qh5 28. Nf4 Qc5 29. R6d3 Nc4 30. Na4 Qe5 31. Qxe5 Nxe5 32. R3d2 g5 33. Ne2 Ne6 34. Nd4 Nf4 35. Nf5 Ne6 36. Nc3 Nc4 37. Rd7 Nc5 38. R7d4 Nxb2 39. R1d2 Nbd3 40. R4xd3 Nxd3 41. Rxd3 Rfd8 42. Re3 Rd2 43. g4 Rad8 44. e5 R8d3 45. Rxd3 Rxd3 46. Ne4 Kf8 47. Nxg5 c5 48. Nxh7+ Ke8 49. Nf6+ Kf8 50. Nd6 b6 51. h4 a6 52. Nd7+ Kg7 53. Nxb6 Rd2 54. a4 Rb2 55. a5 Ra2 56. Nbc4 Rc2 57. Kg2 Kg6 58. Kg3 Kg7 59. f3 Rc1 60. Kf4 Rd1 61. Kg5 Rd4 62. Nf5+ 1-0

[Event "45th Olympiad 2024"]
[Site "Budapest HUN"]
[Date "2024.09.18"]
[Round "7.73"]
[Board "4"]
[White "Arnold Smith"]
[Black "Doria, Daniel"]
[Result "1-0"]
[WhiteElo "1915"]
[BlackElo "1745"]
[PlyCount "111"]
[EventDate "2024.09.11"]
[WhiteTeam "Liberia"]
[BlackTeam "Guam"]
[WhiteTeamCountry "LBR"]
[BlackTeamCountry "GMA"]

1. e4 e5 2. Nf3 Nc6 3. Bb5 a6 4. Ba4 Nf6 5. O-O b5 6. Bb3 Bc5 7. Qe2 d6 8. c3 Bg4 ({RR} 8... O-O 9. a4 b4 10. a5 h6 11. d3 Rb8 12. Bc4 Ba7 13. Be3 Bxe3 14. Qxe3 Be6 15. Bxe6 fxe6 16. Nbd2 bxc3 17. bxc3 Rb5 18. Nc4 Qd7 19. Rfb1 Rfb8 20. Rxb5 Rxb5 21. h3 Qf7 22. d4 exd4 23. cxd4 {½-½ Svidler,P (2765)-Anand,V (2792) Amber-blindfold 15th rapid 2006 (2)}) 9. d3 ({RR} 9. h3 Bh5 10. Rd1 O-O 11. d3 Qe7 12. Bg5 Rab8 13. g4 Bg6 14. Nbd2 Nd8 15. d4 Bb6 16. d5 c6 17. a4 cxd5 18. exd5 Nb7 19. Nd4 Bxd4 20. cxd4 Rfe8 21. axb5 axb5 22. dxe5 dxe5 23. Nf3 Qb4 {½-½ Lavernia Marco,M (1949)-Gonzalvez Tamarit,R (2125) 57th Mislata Open 2024 (1.11)}) 9... O-O 10. Bg5 $146 ({RR} 10. Be3 Qe7 11. Nbd2 Rae8 12. Rfe1 Kh8 13. h3 Bc8 14. Nh2 Nd8 15. a4 Bxe3 16. fxe3 g6 17. axb5 axb5 18. Qf2 Nh5 19. Nhf3 f5 20. Qh4 Qxh4 21. Nxh4 f4 22. Ra7 Re7 23. Nhf3 Kg7 24. d4 fxe3 {1-0 List,P-Wood,G Zaanstreek Zaandam/Wormerveer 1946 (7)}) ({RR} 10. Nbd2 Nh5 11. h3 Nf4 12. Qd1 Bh5 13. Re1 Nxd3 14. Re2 Bxf3 15. Nxf3 Nf4 16. Bxf4 exf4 17. Bd5 Qd7 18. Qd2 Kh8 19. Qxf4 f5 20. Qh4 fxe4 21. Bxe4 h6 22. Qh5 Rf6 23. Qd5 Re8 24. Rae1 Ne5 {0-1 Walsh,S (1390)-El Bachir,E (1260) London Classic op U1600 8th 2016 (3)}) ({RR} 10. Re1 Ne7 11. Nbd2 Ng6 12. Nf1 Nh5 13. Ng3 Nhf4 14. Qf1 Bxf3 15. gxf3 Nh4 16. Bd1 Qf6 17. Bxf4 Qxf4 18. d4 exd4 19. Qd3 dxc3 20. Qxc3 Kh8 21. Qxg7+ Kxg7 22. Nh5+ Kh6 23. Nxf4 Bd4 24. Rc1 c5 {0-1 Antunez Munoz,J (1860)-Rodriguez Ferraz,B (2172) ESP-ch U18 Salobrena 2012 (1)}) 10... h6 11. Bh4 Rb8 12. h3 Be6 13. Nbd2 Bxb3 14. Nxb3 Bb6 15. Kh1 Qe7 16. Rad1 Qe6 17. Rfe1 Rfe8 18. Qc2 Nh5 19. Nbd2 Ne7 20. Nf1 Ng6 21. Bg3 Nxg3+ 22. Nxg3 Nf4 23. Kh2 a5 24. a3 Qf6 25. d4 h5 26. Re3 c5 27. dxe5 dxe5 28. c4 g6 29. cxb5 c4 30. Rc3 h4 31. Nf1 Rbc8 32. Ne3 Ne6 33. Nd5 Qd8 34. Nxb6 Qxb6 35. a4 Nd4 36. Nxd4 exd4 37. Rxc4 Rxc4 38. Qxc4 Qd6+ 39. Kg1 Rxe4 40. f3 Re8 41. Qc6 Qe7 42. Qe4 Qxe4 43. fxe4 Rxe4 44. Kf2 d3 45. b3 Kg7 46. Kf3 Rb4 47. Rxd3 g5 48. Ke2 g4 49. Kd2 f5 50. Kc3 Re4 51. Rd5 gxh3 52. gxh3 f4 53. Rd4 Re3+ 54. Kc4 f3 55. Rf4 Kg6 56. b6 1-0

[Event "45th Olympiad 2024"]
[Site "Budapest HUN"]
[Date "2024.09.18"]
[Round "7.74"]
[Board "1"]
[White "Ndahangwapo, Heskiel"]
[Black "Kumar, Manoj"]
[Result "1-0"]
[WhiteElo "2011"]
[BlackElo "1951"]
[PlyCount "159"]
[EventDate "2024.09.11"]
[WhiteTeam "Namibia"]
[BlackTeam "Fiji"]
[WhiteTeamCountry "NAM"]
[BlackTeamCountry "FIJ"]

1. e4 e5 2. Nf3 Nc6 3. Bb5 a6 4. Ba4 Nf6 5. Qe2 Be7 6. c3 b5 7. Bb3 d6 8. d4 O-O 9. Nbd2 Re8 ({RR} 9... h6 10. d5 Na7 11. a4 c6 12. axb5 axb5 13. dxc6 Be6 14. Nh4 d5 15. Nf5 Bc5 16. O-O Bxf5 17. exf5 Qc7 18. Bc2 Rab8 19. Nb3 Bb6 20. Kh1 Rfe8 21. f3 Qxc6 22. Be3 Nc8 23. Bd3 Nd6 24. Ra6 {0-1 Baklan,V (2639)-Nikolic,P (2657) Bundesliga 0708 2007 (5.2)}) ({RR} 9... h6 10. O-O Re8 11. a4 Rb8 12. axb5 axb5 13. d5 Na5 14. Rxa5 c5 15. Rxb5 Ra8 16. Bc4 Qc7 17. Rb3 Bd7 18. Bb5 Ra1 19. Bxd7 Nxd7 20. Qb5 Rb8 21. Qc4 Rba8 22. Qe2 Nb6 23. Nc4 Nc8 24. Ra3 {1-0 Urbina Perez,J (2248)-Caku,K (1859) Titled Tue 20th Aug Late 2024 (8)}) 10. O-O Bf8 11. Rd1 exd4 12. cxd4 $146 ({RR} 12. Nxd4 Bb7 13. Bc2 d5 14. Nxc6 Bxc6 15. e5 Bc5 16. Nb3 Bb6 17. Nd4 Bb7 18. Bg5 Kf8 19. Qe3 Ng4 20. Qf4 f6 21. Qxg4 fxg5 22. Qf5+ Ke7 23. Qxg5+ Kf8 24. Qf5+ Ke7 25. Qxh7 Rg8 26. Qh4+ Kf7 {1-0 Mora Moron,J (2124)-Rojas Barrero,A (2216) Barquisimeto op 2012 (4)}) 12... h6 13. h3 Bf5 14. Qe3 Nxe4 15. Qf4 Nxd2 16. Bxd2 Ne7 17. Re1 Qd7 18. g4 Be6 19. Bc2 Nd5 20. Qg3 Be7 21. Nh4 Bxh4 22. Qxh4 Nf6 23. Bxh6 gxh6 24. Qxf6 Bxg4 25. Qxh6 Bf5 26. Qg5+ Bg6 27. Bxg6 fxg6 28. Qxg6+ Qg7 29. Qxg7+ Kxg7 30. Rac1 Rxe1+ 31. Rxe1 c5 32. Re6 Rd8 33. dxc5 dxc5 34. Rxa6 Rd2 35. b3 c4 36. bxc4 bxc4 37. Rc6 Rxa2 38. Rxc4 Kg6 39. Rc5 Rb2 40. Kg2 Ra2 41. Kg3 Ra3+ 42. Kg4 Ra1 43. Rc6+ Kg7 44. f4 Rg1+ 45. Kf5 Rh1 46. Rc7+ Kf8 47. Kf6 Kg8 48. Rc8+ Kh7 49. Rc3 Rf1 50. f5 Ra1 51. Rc7+ Kg8 52. h4 Ra6+ 53. Kg5 Rb6 54. f6 Rb1 55. Kg6 Rg1+ 56. Kf5 Rf1+ 57. Kg6 Rg1+ 58. Kf5 Rf1+ 59. Ke5 Re1+ 60. Kd6 Rd1+ 61. Ke7 Re1+ 62. Kd8 Rf1 63. Ke7 Re1+ 64. Kd6 Rd1+ 65. Ke6 Re1+ 66. Kf5 Rf1+ 67. Kg5 Rg1+ 68. Kh6 Kf8 69. h5 Rg2 70. Kh7 Rg1 71. h6 Rg2 72. Rd7 Rg1 73. Rg7 Rf1 74. Kg6 Rg1+ 75. Kf5 Rf1+ 76. Ke5 Re1+ 77. Kd4 Rd1+ 78. Ke3 Rh1 79. h7 Rh6 80. Rg8+ 1-0